Solving solvency (Record no. 80536)

MARC details
000 -LEADER
fixed length control field 00906cab a22001935a 4500
001 - CONTROL NUMBER
control field L144658
008 - FIXED-LENGTH DATA ELEMENTS--GENERAL INFORMATION
fixed length control field 080804e2008 xxk f v 000 0 eng d
035 ## - SYSTEM CONTROL NUMBER
System control number (Sirsi) u144658
041 0# - LANGUAGE CODE
Language code of text/sound track or separate title eng
100 1# - MAIN ENTRY--PERSONAL NAME
Personal name Leibowitz, David
245 00 - TITLE STATEMENT
Title Solving solvency
Remainder of title how to safeguard against a partner's financial fortunes
260 ## - PUBLICATION, DISTRIBUTION, ETC.
Date of publication, distribution, etc. 2008
490 #0 - SERIES STATEMENT
Series statement Property Forecast
Volume/sequential designation July 2008, 14-15(2)
520 ## - SUMMARY, ETC.
Summary, etc. Considers the steps a customer can take to protect against the risk of a supplier to outsourced services becoming insolvent. Covers: performance bonds; consideration of payment terms; trigger events; additional rights; direct agreement with subcontractors or funders; exit provisions; hardware; software/IPR; records and data; supply and licensing contract; transactions that can be set aside.
590 ## - LOCAL NOTE (RLIN)
Local note KA
651 #4 - SUBJECT ADDED ENTRY--GEOGRAPHIC NAME
Geographic name England and Wales
690 ## - LOCAL SUBJECT ADDED ENTRY--TOPICAL TERM (OCLC, RLIN)
Topical term or geographic name as entry element MANAGEMENT-CORPORATE RECOVERY
942 ## - ADDED ENTRY ELEMENTS (KOHA)
Suppress in OPAC 0
Holdings
Withdrawn status Lost status Source of classification or shelving scheme Damaged status Not for loan Home library Current library Shelving location Date acquired Total Checkouts Full call number Barcode Date last seen Copy number Price effective from Koha item type
    Dewey Decimal Classification     London London Journal article 04/08/2008   L144658 144658-1001 06/08/2019 1 06/08/2019 Journal article